[Event "Kragero Resort International 2022"]
[Site "Kragero"]
[Date "2022.02.26"]
[Round "8.28"]
[White "Sorensen, Simen"]
[Black "Thanke, Bror"]
[Result "1-0"]
[WhiteElo "2014"]
[BlackElo "2143"]
[Annotator "NA"]
[PlyCount "71"]
[EventDate "2022.02.23"]
[EventType "swiss"]
[EventCountry "NOR"]
[SourceTitle "playchess.com"]
[Source "ChessBase"]
[SourceQuality "1"]
[TimeControl "5400+30"]

1. d4 {[%emt 0:01:55]} Nf6 {[%emt 0:00:08]} 2. c4 {[%emt 0:00:27]} e6 {[%emt 0:00:14]} 3. Nf3 {[%emt 0:00:35]} Bb4+ {[%emt 0:00:10]} 4. Bd2 {[%emt 0:00:07]} Qe7 {[%emt 0:00:34]} 5. g3 {[%emt 0:00:11]} b6 {[%emt 0:01:43]} 6. Bg2 {[%emt 0:00:59]} Bb7 {[%emt 0:00:07]} 7. O-O {[%emt 0:00:16]} Bxd2 {[%emt 0:00:13]} 8. Qxd2 {[%emt 0:01:11]} d6 {[%emt 0:01:59]} 9. Nc3 {[%emt 0:00:53]} Ne4 {[%emt 0:06:15]} 10. Nxe4 {[%emt 0:05:43]} Bxe4 {[%emt 0:00:06]} 11. Ne1 {[%emt 0:06:15]} Bxg2 {[%emt 0:00:14]} 12. Nxg2 {[%emt 0:00:12]} c5 {[%emt 0:03:32]} 13. d5 {[%emt 0:03:18]} e5 {[%emt 0:00:14]} 14. e4 {[%emt 0:00:38]} Nd7 {[%emt 0:01:37]} 15. Rae1 {[%emt 0:06:32]} Kd8 {[%emt 0:07:36]} 16. Ne3 {[%emt 0:05:31]} g6 {[%emt 0:00:33]} 17. Nc2 {[%emt 0:02:48]} Kc7 {[%emt 0:03:09]} 18. b4 {[%emt 0:07:46]} Rhf8 {[%emt 0:09:05]} 19. a4 {[%emt 0:04:50]} f5 {[%emt 0:00:28]} 20. a5 {[%emt 0:00:47]} fxe4 {[%emt 0:04:33]} 21. Rxe4 {[%emt 0:02:32]} Qf6 {[%emt 0:01:55]} 22. Ra1 {[%emt 0:03:17]} cxb4 {[%emt 0:05:34]} 23. Nxb4 {[%emt 0:01:29]} Nc5 {[%emt 0:00:17]} 24. Re3 {[%emt 0:00:29]} bxa5 {[%emt 0:35:18]} 25. Nc6 {[%emt 0:11:41]} a4 {[%emt 0:00:43]} 26. Qa5+ {[%emt 0:01:48]} Kc8 {[%emt 0:01:45]} 27. Ra2 {[%emt 0:03:13]} Qg7 {[%emt 0:06:45]} 28. Rb2 {[%emt 0:09:25]} Qc7 {[%emt 0:00:25]} 29. Qc3 {[%emt 0:01:14]} Rf7 {[%emt 0:00:49]} 30. f4 {[%emt 0:04:46]} Nd7 {[%emt 0:04:18]} 31. c5 {[%emt 0:02:37]} Nxc5 {[%emt 0:00:57]} 32. fxe5 {[%emt 0:00:13]} Rf8 {[%emt 0:01:54]} 33. exd6 {[%emt 0:06:44]} Qxd6 {[%emt 0:00:49]} 34. Qg7 {[%emt 0:03:54]} Nd7 {[%emt 0:02:03]} 35. Rc3 {[%emt 0:01:05]} Qf6 {[%emt 0:00:58]} 36. Ne5+ {[%emt 0:00:53]} 1-0

[Event "Kragero Resort International 2022"]
[Site "Kragero"]
[Date "2022.02.27"]
[Round "9.1"]
[White "Ostensen, Nicolai Maxime"]
[Black "Engeset, Audun"]
[Result "1-0"]
[WhiteElo "1728"]
[BlackElo "1823"]
[Annotator "NA"]
[PlyCount "93"]
[EventDate "2022.02.23"]
[EventType "swiss"]
[EventCountry "NOR"]
[SourceTitle "playchess.com"]
[Source "ChessBase"]
[SourceQuality "1"]
[TimeControl "5400+30"]

1. c4 {[%emt 0:00:04]} e5 {[%emt 0:00:21]} 2. Nc3 {[%emt 0:00:05]} Nf6 {[%emt 0:00:19]} 3. Nf3 {[%emt 0:00:04]} Nc6 {[%emt 0:00:25]} 4. e3 {[%emt 0:00:14]} Bb4 {[%emt 0:02:09]} 5. Nd5 {[%emt 0:00:34]} a5 {[%emt 0:02:24]} 6. Nxb4 {[%emt 0:03:06]} axb4 {[%emt 0:00:12]} 7. b3 {[%emt 0:01:13]} O-O {[%emt 0:01:59]} 8. Bb2 {[%emt 0:00:49]} Re8 {[%emt 0:01:17]} 9. d4 {[%emt 0:03:11]} exd4 {[%emt 0:03:10]} 10. Nxd4 {[%emt 0:00:48]} Ne5 {[%emt 0:02:48]} 11. Nf3 {[%emt 0:02:23]} Nc6 {[%emt 0:03:21]} 12. Be2 {[%emt 0:01:16]} Qe7 {[%emt 0:03:59]} 13. O-O {[%emt 0:00:51]} Ra5 {[%emt 0:04:07]} 14. Qc1 {[%emt 0:03:43]} d6 {[%emt 0:02:05]} 15. a3 {[%emt 0:00:36]} bxa3 {[%emt 0:05:30]} 16. Rxa3 {[%emt 0:00:17]} Bg4 {[%emt 0:04:19]} 17. Rxa5 {[%emt 0:00:35]} Nxa5 {[%emt 0:00:10]} 18. Qc3 {[%emt 0:00:18]} Nc6 {[%emt 0:03:48]} 19. h3 {[%emt 0:00:48]} Bd7 {[%emt 0:00:36]} 20. Ra1 {[%emt 0:01:00]} Qf8 {[%emt 0:09:31]} 21. Bd3 {[%emt 0:05:41]} Ne5 {[%emt 0:05:19]} 22. Nxe5 {[%emt 0:00:19]} dxe5 {[%emt 0:00:09]} 23. b4 {[%emt 0:00:38]} Qe7 {[%emt 0:11:25]} 24. Ra7 {[%emt 0:01:22]} Bc8 {[%emt 0:01:07]} 25. Ra5 {[%emt 0:01:43]} Nd7 {[%emt 0:00:50]} 26. Bf5 {[%emt 0:04:16]} f6 {[%emt 0:01:55]} 27. Be4 {[%emt 0:01:14]} c6 {[%emt 0:05:52]} 28. Ra7 {[%emt 0:00:58]} Qd6 {[%emt 0:01:19]} 29. c5 {[%emt 0:01:49]} Qd1+ {[%emt 0:01:40]} 30. Kh2 {[%emt 0:00:08]} Nf8 {[%emt 0:01:31]} 31. Ra1 {[%emt 0:04:10]} Qd7 {[%emt 0:02:03]} 32. Qb3+ {[%emt 0:00:57]} Qe6 {[%emt 0:00:58]} 33. Qc2 {[%emt 0:00:42]} Rd8 {[%emt 0:02:08]} 34. Ra8 {[%emt 0:00:49]} Qe7 {[%emt 0:00:57]} 35. Ra7 {[%emt 0:04:21]} Qd7 {[%emt 0:01:37]} 36. Bc3 {[%emt 0:01:36]} Qc7 {[%emt 0:03:34]} 37. Qb2 {[%emt 0:03:39]} Qb8 {[%emt 0:00:44]} 38. Ra1 {[%emt 0:00:58]} Bd7 {[%emt 0:01:13]} 39. Qa2+ {[%emt 0:04:23]} Be6 {[%emt 0:01:00]} 40. Qa7 {[%emt 0:02:40]} Qxa7 {[%emt 0:02:11]} 41. Rxa7 {[%emt 0:00:06]} Rd7 {[%emt 0:01:47]} 42. b5 {[%emt 0:04:11]} Bd5 {[%emt 0:01:38]} 43. Bxd5+ {[%emt 0:01:33]} cxd5 {[%emt 0:00:53]} 44. b6 {[%emt 0:01:35]} d4 {[%emt 0:04:16]} 45. exd4 {[%emt 0:00:06]} exd4 {[%emt 0:00:06]} 46. Bd2 {[%emt 0:00:03]} Ne6 {[%emt 0:02:07]} 47. c6 {[%emt 0:00:11]} 1-0

[Event "Kragero Resort International 2022"]
[Site "Kragero"]
[Date "2022.02.27"]
[Round "9.2"]
[White "Van Foreest, Lucas"]
[Black "Donchenko, Alexander"]
[Result "1/2-1/2"]
[WhiteElo "2563"]
[BlackElo "2636"]
[Annotator "TA"]
[PlyCount "133"]
[EventDate "2022.02.23"]
[EventType "swiss"]
[EventCountry "NOR"]
[SourceTitle "playchess.com"]
[Source "ChessBase"]
[SourceQuality "1"]

{[%evp 17,133,0,29,30,30,16,46,0,0,0,0,0,0,0,0,0,6,6,7,8,7,6,29,0,43,19,20,16,73,68,114,0,0,0,0,0,0,0,0,0,3,0,0,0,0,0,0,0,0,-42,0,-35,0,-21,-36,-32,0,0,0,0,0,-1,0,-59,-61,-64,-43,-94,-33,-28,-25,-22,-31,-25,-16,-22,-18,-20,-14,-24,-18,-24,-13,-20,-18,-39,0,0,0,0,0,0,0,-8,-8,-10,623,650,563,625,363,480,29973,29974,29973,29975,29976,29977,29977,29978,29978,29979,29978,29979,29985,29986,29986,29987]} 1. d4 Nf6 2. c4 e6 3. Nf3 d5 4. g3 Bb4+ 5. Bd2 Be7 6. Bg2 O-O 7. O-O Nbd7 8. Qc2 c6 9. Bf4 a5 10. Rd1 {The main line 10.Rd1 scores better than 10.Nbd2. E08: Closed Catalan: Main Line: 7 Qc2.} a4 11. a3 Qa5 {[#]} 12. Nc3 $146 (12. Nbd2 $14) ({Predecessor:} 12. Nbd2 Nh5 13. Bg5 f6 14. Be3 f5 15. Bg5 Ndf6 16. Ne5 Bd6 17. Ndf3 Ne4 18. Bc1 {½-½ (40) Petrov,N (2542)-Iljiushenok,I (2554) Khanty-Mansiysk 2021}) 12... dxc4 $11 13. e4 Rd8 14. Qe2 Qa6 $1 15. e5 Nd5 16. Bg5 Re8 17. Bxe7 Rxe7 18. Nd2 {[%cal Bf3d2,Bd2e4,Be4f6][%mdl 32]} b5 19. Nde4 Nf8 20. Qg4 {[%mdl 1024] White has compensation.} Kh8 (20... Qb6 $11) 21. Qh5 Bd7 22. Nf6 {[%cal Oc3e4]} Be8 {[#]} (22... gxf6 23. Nxd5 cxd5 24. exf6 $16) (22... Nxf6 $2 23. exf6 gxf6 24. Qh4 $18) (22... Qb6 $11 {keeps the balance.}) 23. Nce4 $1 $16 {[%cal Oh5h4] And now Qh4! would win.} Rea7 {[#]} (23... gxf6 $2 24. Qh6 Nd7 25. Nxf6 N7xf6 26. exf6 Nxf6 27. Qxf6+ Kg8 28. Qxe7 $18) 24. Ng5 {White is much more active.} gxf6 $11 25. Qh6 {[%csl LRf6,LRf8][%cal Rh6f8]} Kg8 26. exf6 Nxf6 27. Qxf6 {Hoping for Ne4.} Qb7 $1 28. Re1 Qe7 $132 {[%mdl 2048] Black is not holding back} 29. Qh6 (29. Qf4 $11 {might be stronger.}) 29... f6 $15 30. Ne4 Bg6 31. Nc5 Rd8 32. Rad1 Rd6 33. h4 Qd8 (33... Nd7 $15 {feels stronger.}) 34. h5 Bf5 35. Qf4 Rg7 36. Bf3 Qc7 (36... Bc2 $5 {[%cal Rc2d1]} 37. h6 Re7 $15) 37. Qh4 Rg5 38. Qf4 Rd7 {...Qxf4 is the strong threat.} 39. Kh2 Rdg7 (39... Qxf4 $2 40. gxf4 Bg4 41. fxg5 $18) 40. Ne4 ({White should try} 40. h6 $11 Re7 41. Qxc7 Rxc7 42. Kg1) 40... Bxe4 41. Rxe4 h6 $1 42. Rde1 ({Better is} 42. Rd2 $15) 42... Qxf4 (42... Rf7 $17) 43. Rxf4 c5 44. dxc5 Rxc5 45. Rxf6 Rf7 46. Rxf7 Kxf7 $11 {[%mdl 4096] Endgame KRB-KRN} 47. Kg2 Nd7 48. Rd1 Ke7 49. g4 Nf6 50. Rc1 e5 51. Kg3 $1 Ke6 (51... e4 $5 {[%cal Re4f3]} 52. Be2 Nd5 $11) 52. Bg2 $1 Rc8 53. Kh4 Rd8 54. Bc6 Rb8 55. Rd1 Rb6 56. Bg2 Rd6 $2 {[%mdl 8192] Loses the game.} (56... b4 $11) 57. Rxd6+ $18 Kxd6 58. g5 hxg5+ 59. Kxg5 Nxh5 (59... Ke7 $18 60. Bc6 b4 61. Bxa4 Ne4+ 62. Kf5 Nc5) 60. Kxh5 {KB-KP. White mates.} b4 {[#]} 61. Be4 $1 ({Don't blunder} 61. axb4 $2 c3 62. bxc3 a3 $19) 61... c3 62. bxc3 {[%cal Bb2c3,Bc3c4,Bc4c5][%mdl 32]} bxa3 63. Bb1 Kd5 {[#]} 64. Ba2+ $1 Ke4 65. c4 Kf5 66. c5 Kf6 67. Kg4 {[%mdl 32768] Weighted Error Value: White=0.10 (very precise) /Black=0.36. An unexpected result.} 1/2-1/2

[Event "Kragero Resort International 2022"]
[Site "Kragero"]
[Date "2022.02.27"]
[Round "9.2"]
[White "Bjarnason, Snorri Vikanes"]
[Black "Haug, Havard"]
[Result "1/2-1/2"]
[WhiteElo "1606"]
[BlackElo "1801"]
[Annotator "NA"]
[PlyCount "94"]
[EventDate "2022.02.23"]
[EventType "swiss"]
[EventCountry "NOR"]
[SourceTitle "playchess.com"]
[Source "ChessBase"]
[SourceQuality "1"]
[TimeControl "5400+30"]

1. e4 {[%emt 0:01:07]} c5 {[%emt 0:01:01]} 2. Nf3 {[%emt 0:00:14]} d6 {[%emt 0:00:14]} 3. d4 {[%emt 0:00:10]} cxd4 {[%emt 0:00:05]} 4. Nxd4 {[%emt 0:00:06]} Nf6 {[%emt 0:00:05]} 5. Nc3 {[%emt 0:01:50]} g6 {[%emt 0:00:38]} 6. f4 {[%emt 0:04:01]} Nc6 {[%emt 0:02:08]} 7. Be2 {[%emt 0:06:41]} Nxd4 {[%emt 0:04:00]} 8. Qxd4 {[%emt 0:00:13]} Bg7 {[%emt 0:00:43]} 9. Qd3 {[%emt 0:08:29]} O-O {[%emt 0:02:39]} 10. Be3 {[%emt 0:00:53]} Bg4 {[%emt 0:06:48]} 11. Rd1 $11 {[%emt 0:03:05]} Qa5 {[%emt 0:04:20]} 12. O-O {[%emt 0:01:01]} Rac8 {[%emt 0:04:57]} 13. Bd4 {[%emt 0:03:29]} e5 {[%emt 0:08:26]} 14. Be3 {[%emt 0:04:59]} Bxe2 {[%emt 0:01:33]} 15. Qxe2 {[%emt 0:00:30]} exf4 {[%emt 0:05:57]} 16. Bd4 {[%emt 0:02:01]} Rfe8 {[%emt 0:08:46]} 17. Qf3 {[%emt 0:04:03]} Nh5 {[%emt 0:12:03]} 18. Bxg7 {[%emt 0:00:29]} Kxg7 {[%emt 0:00:37]} 19. Kh1 {[%emt 0:05:29]} Qe5 {[%emt 0:04:30]} 20. Rd5 {[%emt 0:00:49]} Qe6 {[%emt 0:00:50]} 21. Rxh5 {[%emt 0:04:32]} gxh5 {[%emt 0:00:10]} 22. Qxh5 {[%emt 0:01:30]} Qg6 {[%emt 0:02:49]} 23. Qh4 {[%emt 0:01:55]} Re5 {[%emt 0:04:27]} 24. Qxf4 {[%emt 0:04:04]} b5 {[%emt 0:01:51]} 25. Rf3 {[%emt 0:01:47]} Rg5 {[%emt 0:01:58]} 26. Qd2 {[%emt 0:01:44]} Re8 {[%emt 0:02:38]} 27. Qd4+ {[%emt 0:00:24]} Ree5 {[%emt 0:00:14]} 28. g3 {[%emt 0:02:13]} a5 {[%emt 0:00:37]} 29. a3 {[%emt 0:00:50]} h5 {[%emt 0:01:32]} 30. Rf4 {[%emt 0:00:53]} Rg4 {[%emt 0:02:49]} 31. Rxg4 {[%emt 0:03:42]} hxg4 {[%emt 0:01:31]} 32. Kg1 {[%emt 0:03:46]} Kh7 {[%emt 0:03:27]} 33. Nd5 {[%emt 0:00:32]} f5 {[%emt 0:02:26]} 34. Nf4 {[%emt 0:04:05]} Qg7 {[%emt 0:01:47]} 35. Qxd6 {[%emt 0:01:01]} Rxe4 {[%emt 0:00:47]} 36. Kf1 {[%emt 0:01:21]} Qf7 {[%emt 0:01:43]} 37. b3 {[%emt 0:01:47]} a4 {[%emt 0:00:39]} 38. Nd5 {[%emt 0:01:14]} Kg7 {[%emt 0:00:34]} 39. Nc3 {[%emt 0:02:45]} axb3 {[%emt 0:00:57]} 40. cxb3 {[%emt 0:00:37]} Re6 {[%emt 0:00:54]} 41. Qd3 {[%emt 0:01:41]} Rf6 {[%emt 0:01:45]} 42. Qxb5 {[%emt 0:00:58]} f4 {[%emt 0:02:01]} 43. Qg5+ {[%emt 0:01:23]} Kf8 {[%emt 0:00:32]} 44. Nd5 {[%emt 0:00:51]} Rd6 {[%emt 0:01:14]} 45. Nxf4 {[%emt 0:00:12]} Qxb3 {[%emt 0:00:25]} 46. Ng6+ {[%emt 0:01:55]} Rxg6 {[%emt 0:00:15]} 47. Qxg6 {[%emt 0:00:13]} Qd1+ {[%emt 0:00:03]} 1/2-1/2

[Event "Kragero Resort International 2022"]
[Site "Kragero"]
[Date "2022.02.27"]
[Round "9.3"]
[White "Fridman, Daniel"]
[Black "Urkedal, Frode Olav Olsen"]
[Result "1/2-1/2"]
[WhiteElo "2626"]
[BlackElo "2549"]
[Annotator "TA"]
[PlyCount "162"]
[EventDate "2022.02.23"]
[EventType "swiss"]
[EventCountry "NOR"]
[SourceTitle "playchess.com"]
[Source "ChessBase"]
[SourceQuality "1"]

{[%evp 21,162,24,25,6,9,16,12,0,20,0,0,0,42,40,39,34,44,29,23,17,27,20,31,24,39,35,51,47,51,56,62,40,39,35,35,36,36,27,35,41,44,8,42,43,43,43,55,50,55,55,55,54,54,54,54,0,53,53,54,54,50,0,52,52,53,53,55,55,55,55,55,55,55,55,55,55,59,59,59,59,59,59,66,59,59,55,59,47,55,55,55,55,55,55,55,55,55,55,55,55,60,55,55,35,55,55,60,55,55,55,60,52,58,56,58,23,23,23,23,5,24,24,35,26,33,25,25,8,28,28,33,28,28,28,28,20,28,8,8,8,8,8,8]} 1. d4 Nf6 2. c4 e6 3. Nf3 d5 4. Nc3 Be7 5. g3 O-O 6. Bg2 dxc4 7. Ne5 Nc6 8. Bxc6 bxc6 9. Nxc6 Qe8 10. Nxe7+ Qxe7 11. Qa4 c5 12. dxc5 $1 {12.dxc5 scores better than 12.Qxc4. E06: Closed Catalan: Early deviations.} Qxc5 13. Be3 {[%cal Bc1e3,Be3d4,Bd4c3][%mdl 32]} Qc7 14. f3 {To avoid Ng4} Bb7 {[%cal Of6g4]} 15. O-O-O {[%cal Ba1d1,Bd1d2,Bd2d6,Bd6d5][%mdl 32]} Nd5 16. Bd4 e5 (16... a5 $11 {was preferrable.}) 17. Nxd5 $14 Bxd5 18. Bc3 Be6 19. Rd2 {[#]} Rfe8 $146 ({Predecessor:} 19... a5 20. Qa3 Rfe8 21. Qd6 Qxd6 22. Rxd6 f6 23. Rhd1 Kf7 24. a3 h5 25. h4 a4 {½-½ (69) Deac,B (2621)-Esplugas Esteve,V (2347) Benasque 2019}) 20. Qa3 e4 21. Qd6 Qxd6 22. Rxd6 exf3 23. exf3 Bf5 24. Re1 h5 25. Rd5 Bg6 26. Kd2 {White is more active.} Red8 27. Rd4 f6 28. Re7 {[%cal Oe7a7]} a5 29. Rc7 Rxd4+ 30. Bxd4 $11 {[%mdl 4096] Endgame KRB-KRB} a4 31. Rxc4 Bf7 32. Rc5 Bxa2 33. Rxh5 Bb3 34. Rb5 Bc4 35. Rc5 Bb3 36. Ke3 Re8+ 37. Kf4 Rd8 38. Ke3 Re8+ $1 39. Kf2 Bd1 40. Be3 Rb8 41. Bd4 (41. Bc1 $1 $14) 41... Rb3 ({Black should try} 41... Re8 $1 $11) 42. Bc3 $14 a3 43. bxa3 Rxa3 44. g4 Ra2+ 45. Kg3 Ra7 46. Rd5 Ba4 47. Rd4 Bb5 48. h4 Ra3 49. Rd8+ Kh7 50. Rc8 Ra4 51. Rc5 Be2 52. Rh5+ Kg8 53. Rf5 Ra6 54. h5 Rc6 55. Bd4 Kh7 56. Rd5 Rc7 {To avoid Rd7} 57. Rd6 Rf7 58. Kf2 Bb5 59. Rb6 Ba4 60. Bb2 Bd1 61. Rd6 Ba4 62. Bc3 Bb3 63. Kg3 Ba4 64. Rd4 Bc6 65. Rc4 Bb7 66. f4 Re7 67. g5 Re3+ 68. Kg4 {[#] Rc7 is the strong threat.} (68. Kf2 $5 {[%cal Rf2e3]} Rf3+ 69. Ke1 (69. Ke2 fxg5 70. fxg5 Rf5 $11) 69... fxg5 70. fxg5 $14) 68... Bf3+ 69. Kh4 fxg5+ 70. Kxg5 Re7 {Prevents Rc7.} 71. Be5 Rf7 72. Rd4 Bb7 73. f5 {[#] Black must now prevent f6.} Bc8 74. f6 {Threatens to win with Rd8.} gxf6+ 75. Bxf6 {Rd8 would kill now.} Rd7 76. Rc4 Rd5+ 77. Kh4 Bd7 78. Rb4 Rf5 79. Bg5 Ra5 {The position is equal.} 80. Rd4 Ra4 81. Rxa4 Bxa4 {Weighted Error Value: White=0.06 (flawless) /Black=0.05 (flawless)} 1/2-1/2

[Event "Kragero Resort International 2022"]
[Site "Kragero"]
[Date "2022.02.27"]
[Round "9.3"]
[White "Stromhaug, Kristoffer Wang"]
[Black "Jonsson, Kristjan Dagur"]
[Result "1-0"]
[WhiteElo "1694"]
[BlackElo "1797"]
[Annotator "NA"]
[PlyCount "129"]
[EventDate "2022.02.23"]
[EventType "swiss"]
[EventCountry "NOR"]
[SourceTitle "playchess.com"]
[Source "ChessBase"]
[SourceQuality "1"]
[TimeControl "5400+30"]

1. e4 {[%emt 0:00:03]} c6 {[%emt 0:00:13]} 2. d4 {[%emt 0:00:14]} d5 {[%emt 0:00:10]} 3. Nc3 {[%emt 0:00:21]} dxe4 {[%emt 0:00:15]} 4. Nxe4 {[%emt 0:00:19]} Nf6 {[%emt 0:01:23]} 5. Nxf6+ {[%emt 0:00:05]} exf6 {[%emt 0:00:26]} 6. c3 {[%emt 0:01:19]} Bd6 {[%emt 0:00:36]} 7. Nf3 {[%emt 0:04:15]} O-O {[%emt 0:00:28]} 8. Be2 {[%emt 0:00:42]} Re8 {[%emt 0:00:55]} 9. O-O {[%emt 0:01:24]} Nd7 {[%emt 0:02:30]} 10. Re1 {[%emt 0:08:59]} Nf8 {[%emt 0:03:17]} 11. Bd3 {[%emt 0:09:06]} Rxe1+ {[%emt 0:03:02]} 12. Nxe1 {[%emt 0:00:41]} Ng6 {[%emt 0:03:37]} 13. g3 {[%emt 0:03:08]} Be6 {[%emt 0:05:02]} 14. Ng2 {[%emt 0:05:10]} Qd7 {[%emt 0:05:31]} 15. Qc2 {[%emt 0:03:02]} Kh8 {[%emt 0:03:56]} 16. Bd2 {[%emt 0:08:26]} Rd8 {[%emt 0:03:45]} 17. f4 {[%emt 0:04:11]} Ne7 {[%emt 0:04:11]} 18. Be3 {[%emt 0:02:27]} Bf5 {[%emt 0:04:16]} 19. Bf2 {[%emt 0:03:51]} Bc7 {[%emt 0:01:31]} 20. Re1 {[%emt 0:02:42]} Bxd3 {[%emt 0:03:30]} 21. Qxd3 {[%emt 0:00:10]} Nf5 {[%emt 0:01:41]} 22. Ne3 {[%emt 0:02:07]} Nd6 {[%emt 0:01:42]} 23. Nc4 {[%emt 0:01:52]} Nf5 {[%emt 0:09:37]} 24. Ne3 {[%emt 0:01:58]} Ne7 {[%emt 0:01:34]} 25. Nc2 {[%emt 0:06:43]} f5 {[%emt 0:03:15]} 26. Ne3 {[%emt 0:04:44]} Kg8 {[%emt 0:04:36]} 27. Rd1 {[%emt 0:02:15]} b5 {[%emt 0:07:54]} 28. b3 {[%emt 0:03:25]} a6 {[%emt 0:01:05]} 29. a4 {[%emt 0:05:25]} Bb6 {[%emt 0:01:08]} 30. axb5 {[%emt 0:00:07]} axb5 {[%emt 0:00:41]} 31. Nc2 {[%emt 0:02:33]} Nd5 {[%emt 0:05:13]} 32. Ne3 {[%emt 0:00:14]} Nxe3 {[%emt 0:03:15]} 33. Bxe3 {[%emt 0:00:25]} Qe6 {[%emt 0:00:38]} 34. c4 {[%emt 0:01:57]} bxc4 {[%emt 0:00:41]} 35. bxc4 {[%emt 0:00:09]} Qe4 {[%emt 0:03:27]} 36. Kf2 {[%emt 0:01:58]} Ra8 {[%emt 0:00:20]} 37. Qxe4 {[%emt 0:01:08]} fxe4 {[%emt 0:00:13]} 38. Rd2 {[%emt 0:00:13]} Ra3 {[%emt 0:01:18]} 39. c5 {[%emt 0:02:21]} Ba5 {[%emt 0:00:43]} 40. Rb2 {[%emt 0:01:24]} Kf8 {[%emt 0:01:23]} 41. Ke2 {[%emt 0:02:24]} Ke7 {[%emt 0:00:28]} 42. f5 {[%emt 0:01:35]} Bc3 {[%emt 0:01:17]} 43. Rb7+ {[%emt 0:00:05]} Kf6 {[%emt 0:00:37]} 44. g4 {[%emt 0:00:16]} Ra2+ {[%emt 0:02:14]} 45. Kd1 {[%emt 0:01:37]} Rxh2 {[%emt 0:00:40]} 46. Rc7 {[%emt 0:00:28]} Rh3 {[%emt 0:00:47]} 47. Rxc6+ {[%emt 0:00:49]} Ke7 {[%emt 0:00:12]} 48. Ke2 {[%emt 0:00:23]} h5 {[%emt 0:02:27]} 49. Rc7+ {[%emt 0:03:22]} Ke8 {[%emt 0:00:48]} 50. g5 {[%emt 0:01:30]} Rf3 {[%emt 0:01:55]} 51. g6 {[%emt 0:00:34]} Rxf5 {[%emt 0:00:29]} 52. gxf7+ {[%emt 0:00:07]} Rxf7 {[%emt 0:02:18]} 53. Rxf7 {[%emt 0:00:37]} Kxf7 {[%emt 0:00:03]} 54. c6 {[%emt 0:00:05]} Ke7 {[%emt 0:01:36]} 55. d5 {[%emt 0:00:04]} Bb4 {[%emt 0:00:46]} 56. Bg5+ {[%emt 0:00:22]} Ke8 {[%emt 0:01:05]} 57. Ke3 {[%emt 0:00:14]} Be7 {[%emt 0:01:02]} 58. Bf4 {[%emt 0:01:41]} g5 {[%emt 0:00:18]} 59. Be5 {[%emt 0:00:04]} g4 {[%emt 0:00:22]} 60. Kxe4 {[%emt 0:00:13]} h4 {[%emt 0:00:29]} 61. d6 {[%emt 0:00:47]} Bf8 {[%emt 0:01:19]} 62. Kf4 {[%emt 0:00:31]} g3 {[%emt 0:00:15]} 63. Kf3 {[%emt 0:00:07]} Bh6 {[%emt 0:00:54]} 64. d7+ {[%emt 0:00:27]} Ke7 {[%emt 0:00:29]} 65. Bc7 {[%emt 0:00:27]} 1-0

[Event "Kragero Resort International 2022"]
[Site "Kragero"]
[Date "2022.02.27"]
[Round "9.4"]
[White "Ostmoe, Geir Sune Tallaksen"]
[Black "Sanal, Vahap"]
[Result "*"]
[WhiteElo "2466"]
[BlackElo "2601"]
[Annotator "TA"]
[PlyCount "31"]
[EventDate "2022.02.23"]
[EventType "swiss"]
[EventCountry "NOR"]
[SourceTitle "playchess.com"]
[Source "ChessBase"]
[SourceQuality "1"]

{[%evp 15,18,-25,0,-34,-29]} 1. d4 Nf6 2. Nf3 e6 3. Bg5 h6 4. Bxf6 Qxf6 5. e4 d6 6. Nc3 g6 7. Qd2 Bg7 8. O-O-O Qe7 9. e5 {A46: 1 d4 Nf6 2 Nf3 e6: Torre, London and Colle Systems.} a6 {[#] To avoid Bb5+} {Predecessor:} 10. h4 $146 b5 11. Qf4 d5 12. Bd3 Bb7 13. Kb1 Nd7 14. Rhe1 b4 15. Ne2 a5 16. Qg3 {0-1 (29) Nadj Hedjesi,B (2463)-Nikolov,M (2517) Belgrade 2009} *

[Event "Kragero Resort International 2022"]
[Site "Kragero"]
[Date "2022.02.27"]
[Round "9.4"]
[White "Alvanjyan, Aida"]
[Black "Amundsen, Ask"]
[Result "1-0"]
[WhiteElo "1566"]
[BlackElo "1819"]
[Annotator "NA"]
[PlyCount "63"]
[EventDate "2022.02.23"]
[EventType "swiss"]
[EventCountry "NOR"]
[SourceTitle "playchess.com"]
[Source "ChessBase"]
[SourceQuality "1"]
[TimeControl "5400+30"]

1. e4 {[%emt 0:01:25]} c5 {[%emt 0:00:07]} 2. c3 {[%emt 0:00:29]} Nf6 {[%emt 0:00:09]} 3. e5 {[%emt 0:00:03]} Nd5 {[%emt 0:00:06]} 4. d4 {[%emt 0:00:05]} cxd4 {[%emt 0:00:07]} 5. cxd4 {[%emt 0:00:01]} e6 $11 {[%emt 0:00:38]} 6. Nf3 {[%emt 0:00:43]} d6 {[%emt 0:00:15]} 7. exd6 {[%emt 0:00:52]} Bxd6 {[%emt 0:00:15]} 8. Nc3 {[%emt 0:00:11]} Nxc3 {[%emt 0:00:47]} 9. bxc3 {[%emt 0:00:05]} Qc7 {[%emt 0:00:17]} 10. Bd2 {[%emt 0:03:57]} Nd7 {[%emt 0:02:21]} 11. Bd3 {[%emt 0:02:28]} O-O {[%emt 0:03:06]} 12. O-O {[%emt 0:01:24]} b6 {[%emt 0:00:24]} 13. Re1 {[%emt 0:06:15]} Bb7 {[%emt 0:02:04]} 14. Rc1 {[%emt 0:02:47]} Bxf3 {[%emt 0:04:39]} 15. Qxf3 {[%emt 0:00:09]} Bxh2+ {[%emt 0:00:10]} 16. Kh1 {[%emt 0:00:59]} Bd6 {[%emt 0:00:26]} 17. Re4 {[%emt 0:02:54]} Rfe8 {[%emt 0:17:45]} 18. Rh4 {[%emt 0:02:04]} g6 {[%emt 0:18:13]} 19. Re1 {[%emt 0:04:58]} Nf8 {[%emt 0:09:13]} 20. Bh6 {[%emt 0:14:04]} Be7 {[%emt 0:03:02]} 21. Rf4 {[%emt 0:07:07]} f5 {[%emt 0:14:01]} 22. Bb5 {[%emt 0:07:13]} Rec8 {[%emt 0:01:44]} 23. Bxf8 {[%emt 0:05:53]} Bxf8 {[%emt 0:00:32]} 24. Qe3 {[%emt 0:11:42]} Qxc3 {[%emt 0:04:53]} 25. Qxe6+ {[%emt 0:01:35]} Kh8 {[%emt 0:00:11]} 26. Rh4 {[%emt 0:03:48]} Qb4 {[%emt 0:06:53]} 27. Bf1 {[%emt 0:06:30]} Qd6 {[%emt 0:09:28]} 28. Qf7 {[%emt 0:00:41]} h6 {[%emt 0:02:09]} 29. Re6 {[%emt 0:01:31]} Qd8 {[%emt 0:00:27]} 30. Rxg6 {[%emt 0:07:51]} Qxh4+ {[%emt 0:00:31]} 31. Kg1 {[%emt 0:00:02]} Bd6 {[%emt 0:00:35]} 32. Qg7# {[%emt 0:00:04]} 1-0